|
|
|
|
| LEADER |
01700nam a2200433 a 4500 |
| 001 |
000680945 |
| 003 |
CZ BrMZK |
| 005 |
20100406094356.0 |
| 007 |
ta |
| 008 |
030807s2003 xr a f 000 0 cze d |
| 015 |
|
|
|a cnb001277021
|
| 020 |
|
|
|a 80-86781-00-3
|q (váz.)
|
| 035 |
|
|
|a (OCoLC)53859365
|
| 040 |
|
|
|a BOA001
|b cze
|
| 041 |
1 |
|
|a cze
|a eng
|
| 072 |
|
7 |
|a 616
|x Patologie. Klinická medicína
|2 Konspekt
|9 14
|
| 080 |
|
|
|a 616-073.7:004
|2 MRF
|
| 080 |
|
|
|a 616.1
|2 MRF
|
| 080 |
|
|
|a 616.12:621.039.8
|2 MRF
|
| 080 |
|
|
|a 616-073:621.039.83
|2 MRF
|
| 080 |
|
|
|a (084.42)
|2 MRF
|
| 245 |
0 |
0 |
|a Atlas nukleární kardiologie =
|b Atlas of nuclear cardiology : hodnocení myokardiální perfuze, funkce a viability u pacientů se suspektní nebo známou ischemickou chorobou srdeční /
|c Milan Kamínek ... [et al.]
|
| 246 |
3 |
1 |
|a Atlas of nuclear cardiology
|
| 250 |
|
|
|a 1. vyd.
|
| 260 |
|
|
|a Praha :
|b Agentura Pankrác,
|c 2003
|
| 300 |
|
|
|a 68 s. :
|b barev. il. ;
|c 31 cm
|
| 500 |
|
|
|a Souběžný český a anglický text
|
| 500 |
|
|
|a 1 000 výt.
|
| 504 |
|
|
|a Obsahuje bibliografii
|
| 650 |
0 |
7 |
|a jednofotonová emisní tomografie
|7 ph207460
|2 czenas
|
| 650 |
0 |
7 |
|a kardiovaskulární nemoci
|7 ph121469
|2 czenas
|
| 650 |
0 |
7 |
|a nukleární kardiologie
|7 ph202589
|2 czenas
|
| 650 |
0 |
7 |
|a scintigrafie
|7 ph153440
|2 czenas
|
| 655 |
|
7 |
|a atlasy
|7 fd131835
|2 czenas
|
| 700 |
1 |
|
|a Kamínek, Milan,
|d 1938-
|7 jk01052807
|4 aut
|
| 856 |
4 |
1 |
|u http://www.digitalniknihovna.cz/mzk/uuid/uuid:b4a74800-b2a4-11e4-a7a2-005056827e51
|y Digitalizovaný dokument
|x NDK
|
| 910 |
|
|
|a BOA001
|b 4-1122.497
|
| 990 |
|
|
|a BK
|
| 996 |
6 |
|
|b 2610196542
|c 4-1122.497
|l MZK
|r Sklad / do 1 hodiny
|n 0
|p p.v.
|w 000680945
|u 000010
|a 1
|e BOA001
|j MZK50
|s P
|